Canadian provinces/territories - alphabetical order version! - Statistics

General Stats
  • This quiz has been taken 15 times
  • The average score is 11 of 13
Answer Stats
Province/Territory % Correct
Alberta
100%
British Columbia
100%
Manitoba
100%
New Brunswick
92%
Newfoundland and Labrador
92%
Nunavut
83%
Ontario
83%
Prince Edward Island
83%
Quebec
83%
Saskatchewan
83%
Yukon
83%
Northwest Territories
75%
Nova Scotia
75%
No matching quizzes found
Score Distribution
Percent of People with Each Score
Percentile by Number Answered
Your Score History
You have not taken this quiz